000 00338nam a2200121Ia 4500
008 240731s9999 xx 000 0 und d
022 _a2041-0999
245 0 _aUsus Antiquior : A Journal Dedicated to the Sacred Liturgy
260 _bTaylor & Francis
856 _uhttps://www.tandfonline.com/loi/yusu20
942 _2ddc
942 _cTFEJ
999 _c80235
_d80235
945 _a1
_bMadushi Gamage
_c1
_dMadushi Gamage